| 000 | 00675nam a22002057a 4500 | ||
|---|---|---|---|
| 003 | BUBTL | ||
| 008 | 201108b xxu||||| |||| 00| 0 eng d | ||
| 020 | _a0-201-56990-6 | ||
| 082 | _a515.63/PAM | ||
| 100 |
_aParker,Leonard _93741 |
||
| 245 |
_aMathtensor/A System for Doing Tensor Analysis by Computer _bLeonard Parker and Steven M Christensen |
||
| 260 |
_aNew York _bAddison-Wesley Publishing Company _cc1994 |
||
| 300 |
_a[xv] , 379p . : _bill . ; 23cm. |
||
| 500 | _aIncludes Index | ||
| 650 |
_aMathematics _93742 |
||
| 700 |
_aLeonard Parker and Steven M Christensen _93743 |
||
| 856 |
_k0 _l0 _yDownload |
||
| 942 |
_2ddc _cBK |
||
| 999 |
_c6418 _d6418 |
||